La nausea /

保存先:
書誌詳細
第一著者: Sartre, Jean-Paul (著者)
その他の著者: Fonzi, Bruno
フォーマット: 図書
言語:イタリア語
出版事項: Milano : A. Mondadori, 1965
シリーズ:Oscar ; 3
タグ: タグ追加
タグなし, このレコードへの初めてのタグを付けませんか!

MARC

LEADER 00000nam a2200000 i 4500
001 IT\ICCU\RAV\0102475
003 ItRI
005 20260115232314.0
008 900612s1965 it |||||| ||||| |||||c
040 |b ita  |c importazione bologna sebina 
041 7 |a ita  |2 ISO-639-2 
082 |a 843.914  |9 Narrativa francese. 1945-  |2 20 
100 1 |a Sartre, Jean-Paul  |0 IT\ICCU\CFIV\000663  |4 aut 
240 1 3 |a La nausée  |3 IT\ICCU\CFI\0098569  |9 Sartre, Jean-Paul 
245 1 3 |a La nausea /  |c Jean-Paul Sartre ; traduzione di Bruno Fonzi. 
260 |a Milano :  |b A. Mondadori,  |c 1965 
300 |a 262 p. ;  |c 19 cm 
700 1 |a Fonzi, Bruno  |0 IT\ICCU\CFIV\050422 
790 1 |a Sartre, J. P.  |3 IT\ICCU\SBNV\032013  |z Sartre, Jean-Paul 
830 0 |a Oscar ;  |v 3  |0 IT\ICCU\CFI\0000102 
942 |2 ddc  |c BK  |n 0 
952 |0 0  |1 0  |4 0  |6 DOC_843_912000000000000_SAR  |7 0  |9 23888  |a BO  |b BO  |d 2026-01-15  |i 9184  |l 0  |o DOC 843.912 SAR  |p BO9184  |r 2026-01-15 23:23:14  |w 2026-01-15  |x [Sebina 5] [1 v.]  |y BK  |z 1 v. 
999 |c 20346  |d 20346